Les français en Serie A (2010-2020) - Statistiques

Statistiques générales
  • Ce quiz a été pris 119 fois
    117 depuis la dernière actualisation
  • Le résultat moyen est 14 sur 55
Statistiques - réponses
Nb de saisons Clubs Joueur % Correct
1 Juventus (2019-2020) Adrien Rabiot
88%
4 Juventus (2012-2016) Paul Pogba
86%
3 Juventus (2017-2020) Blaise Matuidi
75%
6 Roma (2010-2011), Milan (2011-2016) Philippe Mexès
72%
3 Fiorentina (2017-2019), Roma (2019-2020) Jordan Veretout
71%
1 Fiorentina (2019-2020) Franck Ribéry
69%
1 Milan (2019-2020) Theo Hernandez
68%
3 Roma (2010-2011), Milan (2014-2016) Jérémy Ménez
61%
3 Juventus (2014-2017) Patrice Evra
58%
2 Milan (2013-2015) Adil Rami
52%
8 Inter (2010-2011, 2015-2017), Sampdoria (2010-2011), Parme (2011-2015, 2018-2019) Jonathan Biabiany
43%
2 Juventus (2014-2016) Kingsley Coman
43%
7 Parme (2010-2011), Cesena (2014-2015), Sassuolo (2015-2017, 2019-2020), Roma (2017-2018), Sampdoria (2018-2019) Grégoire Defrel
39%
2 Naples (2018-2020) Kévin Malcuit
38%
9 Chievo (2010-2019) Nicolas Frey
36%
3 Fiorentina (2010-2011), Genoa (2011-2013) Sébastien Frey
36%
1 Milan (2018-2019) Tiémoué Bakayoko
35%
10 Chievo (2010-2014), Udinese (2014-2018), Fiorentina (2017-2020), Cagliari (2018-2019) Cyril Théréau
31%
1 Roma (2017-2018) Maxime Gonalons
31%
1 Roma (2018-2019) Steven Nzonzi
31%
1 Roma (2015-2016) Lucas DIgne
29%
1 Juventus (2012-2013) Nicolas Anelka
29%
3 Inter (2017-2019), Parme (2019-2020) Yann Karamoh
23%
1 Lazio (2011-2012) Djibril Cissé
22%
1 Benevento (2017-2018) Bacary Sagna
21%
1 Roma (2016-2017) Clément Grenier
14%
1 Inter (2019-2020) Lucien Agoumé
14%
1 Roma (2014-2015) Mapou Yanga-Mbiwa
14%
3 Milan (2010-2013) Mathieu Flamini
14%
1 Fiorentina (2018-2019) Alban Lafont
13%
8 Brescia (2010-2011), Genoa (2013-2016), Fiorentina (2016-2017), Bologne (2017-2019), Udinese (2018-2020) Sebastien De Maio
13%
2 Torino (2018-2020) Soualiho Méïté
13%
3 Fiorentina (2017-2020), Hellas Verone (2019-2020) Valentin Eysseric
13%
1 Crotone (2017-2018) Moussa Diaby
11%
3 Lazio (2012-2015) Michaël Ciani
10%
1 Atalanta (2019-2020) Adrien Tameze
9%
1 Brescia (2010-2011) Jonathan Zebina
9%
1 Roma (2015-2016) William Vainqueur
8%
1 Inter (2014-2015) Yann M'Vila
8%
2 Bologne (2015-2017), Atalanta (2016-2017) Anthony Mounier
7%
1 Naples (2013-2014) Anthony Réveillère
7%
1 Pescara (2016-2017) Jean-Christophe Bahebeck
7%
6 Udinese (2012-2017), Hellas Vérone (2017-2018) Thomas Heurtaux
7%
7 Genoa (2010-2011), Lazio (2011-2016), Atalanta (2016-2017) Abdoulay Konko
5%
1 Genoa (2019-2020) Adama Soumaoro
5%
6 Empoli (2014-2017), Fiorentina (2017-2019), Parme (2019-2020) Vincent Laurini
5%
3 Chievo (2017-2019), Sampdoria (2019-2020) Mehdi Léris
4%
7 Lazio (2010-2013), Fiorentina (2013-2014), Cagliari (2014-2015), Frosinone (2015-2016), Sampdoria (2015-2017) Modibo Diakité
3%
1 Chievo (2014-2015) Thomas Mangani
2%
1 Benevento (2017-2018) Jean-Claude Billong
1%
2 Genoa (2015-2017) Olivier Ntcham
1%
1 Benevento (2017-2018) Andraew Gravillon
0%
1 Sienne (2010-2011) David Mounard
0%
1 Crotone (2016-2017) Eddy Gnahoré
0%
1 Cesena (2011-2012) Vincenzo Rennella
0%
Aucun quiz correspondant
Distribution des résultats
% des personnes avec chaque résultat
Percentile par nombre de réponses
Votre historique - résultats
Vous n’avez pas pris ce quiz depuis la dernière actualisation